Սայիադ Նովա : (Record no. 116911)
[ view plain ]
| 000 -LEADER | |
|---|---|
| fixed length control field | 01311nam a2200277 a 4500 |
| 001 - CONTROL NUMBER | |
| control field | 000315231 |
| 003 - CONTROL NUMBER IDENTIFIER | |
| control field | AM-YeHGA |
| 005 - DATE AND TIME OF LATEST TRANSACTION | |
| control field | 20250618072015.0 |
| 008 - FIXED-LENGTH DATA ELEMENTS--GENERAL INFORMATION | |
| fixed length control field | 040304s2001 ai 000 | arm d |
| 020 ## - INTERNATIONAL STANDARD BOOK NUMBER | |
| International Standard Book Number | 9993052329 |
| 040 ## - CATALOGING SOURCE | |
| Original cataloging agency | AM-YeHGA |
| 041 0# - LANGUAGE CODE | |
| Language code of text/sound track or separate title | arm |
| 090 ## - LOCALLY ASSIGNED LC-TYPE CALL NUMBER (OCLC); LOCAL CALL NUMBER (RLIN) | |
| -- | 118258 |
| 100 1# - MAIN ENTRY--PERSONAL NAME | |
| Personal name | Ասլանյան, Ասլան Նիկոլայի |
| 245 10 - TITLE STATEMENT | |
| Title | Սայիադ Նովա : |
| Remainder of title | Ճշմարտությունը սայիադնովագիտության մեջ / |
| Statement of responsibility, etc. | Ա. Ասլանյան; Առաջաբ., խմբ.՝ Կ. Աղաբեկյան. |
| 246 31 - VARYING FORM OF TITLE | |
| Title proper/short title | Сайад-Нова. |
| Remainder of title | Истина в сайаднововедении. |
| 246 31 - VARYING FORM OF TITLE | |
| Title proper/short title | Sayad-Nova. |
| Remainder of title | The truth in the science of Sayad-Nova. |
| 246 31 - VARYING FORM OF TITLE | |
| Title proper/short title | Saiad-Nova. |
| Remainder of title | La verit en scienge sur Saiad-Nova. |
| 260 ## - PUBLICATION, DISTRIBUTION, ETC. | |
| Place of publication, distribution, etc. | Երևան : |
| Name of publisher, distributor, etc. | Տիգրան Մեծ, |
| Date of publication, distribution, etc. | 2001. |
| 300 ## - PHYSICAL DESCRIPTION | |
| Extent | 462 էջ+[7] ներդ. թ. գուն. լուսանկ. : |
| Other physical details | դիմանկ., ; |
| Dimensions | 21 սմ. |
| 504 ## - BIBLIOGRAPHY, ETC. NOTE | |
| Bibliography, etc. note | Մատենագիտ. տողատ. ծանոթ. և էջ՝ 400-442 |
| 504 ## - BIBLIOGRAPHY, ETC. NOTE | |
| Bibliography, etc. note | Ցանկ էջ՝ 443-461 հայ. և ռուս. լեզ. |
| 600 14 - SUBJECT ADDED ENTRY--PERSONAL NAME | |
| Personal name | Սայաթ-Նովա, |
| Dates associated with a name | 1712-1795 |
| 9 (RLIN) | 1028 |
| 650 14 - SUBJECT ADDED ENTRY--TOPICAL TERM | |
| Topical term or geographic name entry element | Հայ գրողների կյանքն ու գործունեությունը |
| 9 (RLIN) | 4515 |
| 700 1# - ADDED ENTRY--PERSONAL NAME | |
| Personal name | Աղաբեկյան, Կիմ Բագրատի, |
| Dates associated with a name | 1938- |
| Relator term | առաջաբ., խմբ. |
| Relationship | aui |
| -- | edt |
| 9 (RLIN) | 581 |
| Withdrawn status | Lost status | Damaged status | Not for loan | Collection | Home library | Current library | Date acquired | Total checkouts | Full call number | Barcode | Date last seen | Cost, replacement price | Price effective from | Koha item type | Public note |
|---|---|---|---|---|---|---|---|---|---|---|---|---|---|---|---|
| General | Fundamental Scientific Library | Fundamental Scientific Library | 22/12/2016 | AII/87242 | FL0065554 | 22/12/2016 | 21000.00 | 22/12/2016 | Գրքեր / Books | 30 Days Loan |
ՀՀ Գիտությունների ազգային ակադեմիայի հիմնարար գիտական գրադարան = Fundamental Scientific Library of NAS RA
All site content, except where otherwise noted, is licensed under a